| 000 | 01004cam a22002651i 4500 | ||
|---|---|---|---|
| 003 | SA-RiAUC | ||
| 005 | 20250701063920.0 | ||
| 008 | 250630s1930 ua g 00010 ara c | ||
| 040 |
_aSA-JeALM _bara _cSA-RiAUC _erda |
||
| 043 | _aa-su--- | ||
| 082 | 0 | 4 | _a915.31204 |
| 090 |
_aن 915.31204 _b م ا ز |
||
| 100 | 1 |
_aالمازني، إبراهيم محمد عبد القادر، _d1889-1949 _eمؤلف. |
|
| 245 | 1 | 0 |
_aرحلة الحجاز / _cبقلم إبراهيم عبد القادر المازني. |
| 250 | _aالطبعة الاولى. | ||
| 264 | 1 |
_aالقاهرة : _bمكتبة القاهرة، _c1930 |
|
| 300 |
_a166 صفحة ؛ _c18 سم |
||
| 336 |
_aنص _btxt _2rdacontent _3كتاب |
||
| 337 |
_aبدون وسيط _bn _2rdamedia |
||
| 338 |
_aمجلد _bnc _2rdacarrier |
||
| 651 | 7 |
_aالحجاز (السعودية) _xوصف ورحلات _2aucsh |
|
| 651 | 7 |
_aالسعودية _xوصف ورحلات _2aucsh |
|
| 942 |
_2ddc _cRARE BOOK _n0 |
||
| 949 |
_aSA-JeALM _d250630 _uosman123 _n1 |
||
| 999 |
_c9324 _d9324 |
||